000 00679nam a2200169Ia 4500
008 090201s9999 xx 000 0 und d
010 _aKPL-60390
040 _bमराठी
041 _aमराठी
082 _a2516
_b60390
100 _aकल्पना दत्तात्रेय धुरी
245 _aआयुर्वेदातून आरोग्य घरचं औषध
_cकल्पना दत्तात्रेय धुरी
260 _c2004
_bसुरूची प्रकाशन
300 _a106
_bमोठा
600 _aआयुर्वेदातून आरोग्य घरचं औषध
942 _cBOOK
999 _c203605
_d203605